Select the State Shape, Flag and Capital #1 - Statistics

General Stats
  • This quiz has been taken 23 times
  • The average score is 98 of 150
Answer Stats
Question Tile Select % Correct
Kentucky Yes
100%
Kentucky Frankfort Yes
96%
Kentucky No
91%
Kentucky Montgomery No
91%
Arizona No
83%
Arizona Yes
83%
Arizona Albuquerque No
83%
Arizona Phoenix Yes
83%
Arizona Yes
78%
Michigan No
78%
Illinois Lansing No
78%
Illinois Springfield Yes
78%
Arizona No
74%
Michigan Yes
74%
California Yes
74%
California No
74%
California No
74%
California Yes
74%
Maryland Yes
74%
Maryland Yes
74%
Maryland No
74%
Maryland No
74%
Alaska No
74%
Alaska Yes
74%
Kansas Bismark No
74%
Illinois No
70%
Illinois Yes
70%
Alaska Yes
70%
Alaska No
70%
Idaho No
70%
Idaho Yes
70%
Arkansas Yes
70%
Arkansas No
70%
Missouri Yes
70%
Missouri No
70%
Maine No
70%
Maine Yes
70%
Louisiana Yes
70%
Louisiana Yes
70%
Louisiana No
70%
Louisiana No
70%
Florida Yes
70%
Florida No
70%
Florida No
70%
Florida Yes
70%
Alabama Yes
70%
Alabama No
70%
Alabama Yes
70%
Hawaii Yes
70%
Hawaii No
70%
Indiana Yes
70%
Indiana No
70%
Massachusetts Yes
70%
Massachusetts No
70%
Colorado Yes
70%
Colorado No
70%
Colorado Yes
70%
Colorado No
70%
Minnesota No
70%
Minnesota Yes
70%
Maryland Annapolis Yes
70%
Georgia Atlanta Yes
70%
Maryland Harrisburg No
70%
Hawaii Honolulu Yes
70%
Mississippi Jackson Yes
70%
Alaska Juneau Yes
70%
Hawaii Juneau No
70%
Minnesota Lansing No
70%
Mississippi Nashville No
70%
Alaska Olympia No
70%
Georgia Raleigh No
70%
Minnesota St. Paul Yes
70%
Kansas Topeka Yes
70%
Kansas No
65%
Kansas No
65%
Kansas Yes
65%
Arkansas Yes
65%
Arkansas No
65%
Alabama No
65%
Connecticut No
65%
Connecticut Yes
65%
Delaware Annapolis No
65%
Arkansas Austin No
65%
Idaho Bismark No
65%
Idaho Boise Yes
65%
Missouri Carson City No
65%
Indiana Columbus No
65%
Iowa Des Moines Yes
65%
Delaware Dover Yes
65%
Indiana Indianapolis Yes
65%
Michigan Jackson No
65%
Missouri Jefferson City Yes
65%
Michigan Lansing Yes
65%
Arkansas Little Rock Yes
65%
Alabama Montgomery Yes
65%
Florida Nashville No
65%
California Sacramento Yes
65%
Iowa St. Paul No
65%
Florida Tallahassee Yes
65%
Kansas Yes
61%
Michigan No
61%
Illinois Yes
61%
Illinois No
61%
Idaho No
61%
Idaho Yes
61%
Delaware No
61%
Delaware Yes
61%
Hawaii Yes
61%
Hawaii No
61%
Mississippi No
61%
Mississippi Yes
61%
Mississippi No
61%
Mississippi Yes
61%
Georgia No
61%
Georgia Yes
61%
Maine Augusta Yes
61%
Louisiana Baton Rouge Yes
61%
Massachusetts Boston Yes
61%
Louisiana Jackson No
61%
Alabama Jackson No
61%
Maine Montpelier No
61%
California San Francisco No
61%
Michigan Yes
57%
Delaware No
57%
Missouri Yes
57%
Missouri No
57%
Indiana Yes
57%
Indiana No
57%
Iowa Yes
57%
Iowa No
57%
Minnesota Yes
57%
Minnesota No
57%
Colorado Denver Yes
57%
Massachusetts Hartford No
57%
Connecticut Providence No
57%
Kentucky Yes
52%
Delaware Yes
52%
Iowa Yes
52%
Iowa No
52%
Georgia Yes
52%
Georgia No
52%
Colorado Cheyenne No
52%
Connecticut Hartford Yes
52%
Kentucky No
48%
Connecticut Yes
48%
Connecticut No
48%
Massachusetts No
35%
Massachusetts Yes
35%
Maine Yes
26%
Maine No
26%
No matching quizzes found
Score Distribution
Percent of People with Each Score
Percentile by Number Answered
Your Score History
You have not taken this quiz